Dates are key in the New Engineering Contract (Record no. 76714)

MARC details
000 -LEADER
fixed length control field 00897cab a2200193 4500
001 - CONTROL NUMBER
control field ##L132956
008 - FIXED-LENGTH DATA ELEMENTS--GENERAL INFORMATION
fixed length control field 060327n2006 000 0 eng u
035 ## - SYSTEM CONTROL NUMBER
System control number (Sirsi) u132956
041 0# - LANGUAGE CODE
Language code of text/sound track or separate title eng
100 1# - MAIN ENTRY--PERSONAL NAME
Personal name Fox, Owen
245 00 - TITLE STATEMENT
Title Dates are key in the New Engineering Contract
260 ## - PUBLICATION, DISTRIBUTION, ETC.
Date of publication, distribution, etc. 2006
490 #0 - SERIES STATEMENT
Series statement Contract Journal
Volume/sequential designation 432(6566) 15 March 2006, 42(1)
520 ## - SUMMARY, ETC.
Summary, etc. Advises on the selection of appropriate procurement options in the third edition of the NEC, and then looks at the introduction of key dates which allow the employer to identify conditions that have to be met by specified times, and the costs recoverable if a contractor fails to achieve these.
590 ## - LOCAL NOTE (RLIN)
Local note IKA280306
650 24 - SUBJECT ADDED ENTRY--TOPICAL TERM
Topical term or geographic name entry element NEW ENGINEERING CONTRACT (THIRD EDITION)
690 ## - LOCAL SUBJECT ADDED ENTRY--TOPICAL TERM (OCLC, RLIN)
Topical term or geographic name as entry element BUILT ENVIRONMENT-BUILDING CONTRACT FORMS-STANDARD FORMS OF BUILDING CONTRACT-NEW ENGINEERING CONTRACT CONTRACTS
942 ## - ADDED ENTRY ELEMENTS (KOHA)
Suppress in OPAC 0
Holdings
Withdrawn status Lost status Source of classification or shelving scheme Damaged status Not for loan Home library Current library Shelving location Date acquired Total Checkouts Full call number Barcode Date last seen Copy number Price effective from Koha item type
    Dewey Decimal Classification     London London Journal article 27/03/2006   L132956 132956-1001 06/08/2019 1 06/08/2019 Journal article